| 000 | 00744nam a2200217 i 4500 | ||
|---|---|---|---|
| 001 | 186800 | ||
| 003 | SpMaBN | ||
| 005 | 20250920063118.0 | ||
| 008 | 170216s1993 sp |||| | spa d | ||
| 020 | _a84-86204-55-0 | ||
| 080 | _a37.011 | ||
| 100 | 1 |
_aHerrán Gascón, Agustín de la, _d1963- _963155 |
|
| 245 | 1 | 3 |
_aLa educación del siglo XXI _b: cambio y evolución humana / _cAgustín de la Herrán Gascón ; [prólogo, Dr. Félix E. González Jiménez]. |
| 260 |
_aMadrid : _bCiencia 3, _c1993. |
||
| 300 |
_a223 p. ; _c21 cm. |
||
| 504 | _aBibliografía: p. 213-223. | ||
| 650 | 0 | 7 |
_aEducación- _xFilosofía- _yS.XX. _912080 |
| 650 | 7 |
_aCambio educativo. _9161765 |
|
| 852 |
_aES-MaACL _jF-3050 |
||
| 999 |
_c186800 _d186800 |
||